000 00871nam0a22002651 4500
001 rc\3194929
005 20250530100813.0
021 _aRU
_b[76-16083]
035 _a(NLR Aleph) 007352673
090 _a6225388
_c6225388
100 _a20120628d1976 |||y0rusy50 ca
101 0 _arus
102 _aRU
105 _aa z |||||
200 1 _aГимнастика в школе
_e[Учеб.-метод. пособие]
_fА.Н. Мартовский
210 _aМосква
_cФизкультура и спорт
_d1976
215 _a169 с.
_cил.
_d20
606 _aГимнастика
_2psbo
606 _aФизическое воспитание в школе
_2psbo
700 1 _aМартовский
_bА.Н.
_gАскольд Николаевич
801 0 _aRU
_bNLR
_gpsbo
801 1 _aRU
_bELAR
_2rusmarc
852 _aNLR
_j76-3/4577
942 _cBOOK
980 _aNB